000 00785nam a2200253Ia 4500
003 GCL
008 140319s9999 xx 000 0 ara d
040 _aGCL /
_cGCL
082 0 4 _a916
_bد ا
100 1 _aفخرى لبيب (مترجم)
_vActor
_@
…مثل
245 1 0 _aالانهار الافريقية وازمة الجفاف /
_cفخرى لبيب (مترجم)
700 1 _aنجوى الفوال
700 1 _aداركوه، مايكل
700 1 _aاحمد سيف النصر
700 1 _aشهرت العالم
300 _a285 ص ؛
_c24 سم
490 _a
650 0 4 _aالجغرافيا الطبيعية
650 0 4 _aمصادر المياه
650 0 4 _aنهر النيل
650 0 4 _aالانهار
650 0 4 _aالجفاف
942 _2ddc
_cBK
999 _c37852
_d37852